[Event "Crema op 15th"]
[Site "Crema"]
[Date "2013.09.01"]
[Round "5"]
[White "Cervini, Ernesto"]
[Black "Rosini, Luca Ungaro"]
[Result "0-1"]
[WhiteElo "1721"]
[BlackElo "1527"]
[PlyCount "70"]
[EventDate "2013.08.30"]
[EventType "swiss"]
[EventRounds "6"]
[EventCountry "ITA"]
[SourceTitle "EXT 2015"]
[Source "ChessBase"]
[SourceDate "2014.11.20"]
[SourceVersion "1"]
[SourceVersionDate "2014.11.20"]
[SourceQuality "1"]

1. e4 d5 2. exd5 Qxd5 3. Nf3 Nf6 4. Be2 Bf5 5. c4 Qa5 6. Nc3 c6 7. d4 e6 8. a3 Bd6 9. b4 Qc7 10. c5 Be7 11. 0-0 0-0 12. Nh4 Nd5 13. Bb2 Nxc3 14. Bxc3 Bxh4 15. g3 Bf6 16. f4 Be4 17. Bf3 Bd5 18. Re1 Nd7 19. Qd3 Rfe8 20. Bg4 g6 21. Re2 Bg7 22. Rae1 Nf6 23. Bf3 Qd7 24. g4 Kf8 25. g5 Ng8 26. Bg4 Ne7 27. h4 Nf5 28. h5 Rad8 29. hxg6 hxg6 30. Qh3 Bc4 31. Rh2 Bxd4+ 32. Bxd4 Qxd4+ 33. Kh1 Bd5+ 34. Bf3 Bxf3+ 35. Qxf3 Ke7 0-1

[Event "Milan Crespi op-C 33rd"]
[Site "Milan"]
[Date "2012.12.06"]
[Round "2"]
[White "Pioggia, Massimiliano"]
[Black "Rosini, Luca Ungaro"]
[Result "0-1"]
[WhiteElo "1622"]
[BlackElo "1392"]
[PlyCount "48"]
[EventDate "2012.12.05"]
[EventType "swiss"]
[EventRounds "7"]
[EventCountry "ITA"]
[SourceTitle "EXT 2024"]
[Source "ChessBase"]
[SourceDate "2023.10.10"]
[SourceVersion "1"]
[SourceVersionDate "2023.10.10"]
[SourceQuality "1"]

1. d4 Nf6 2. c4 d6 3. Nc3 g6 4. e4 Bg7 5. Be2 Nbd7 6. Be3 0-0 7. Nf3 Ng4 8. Bg5 c5 9. Nb5 Qa5+ 10. Bd2 Qb6 11. Bc3 a6 12. Na3 cxd4 13. Bxd4 Qb4+ 14. Kf1 e5 15. Nc2 Qa5 16. h3 Ngf6 17. Bc3 Qb6 18. Bd3 Nc5 19. Qe2 Qc6 20. Nb4 Qc7 21. Rc1 Qe7 22. Bc2 Bd7 23. Nd5 Nxd5 24. cxd5 Bb5 0-1